000 00540cam a22002051 4500
001 sa 65004800
003 DLC
005 20260227112133.0
008 880902s1957 io 000 0 ind
010 _asa 65004800
035 _a(OCoLC)23562562
040 _aDLC
_cMiU
_dDLC
042 _apremarc
050 0 0 _aHX518.R4
_bL413
100 1 _aLenin, Vladimir Ilʹich,
_d1870-1924.
245 1 0 _aMarxisme dan revisionisme
260 _aDjakarta,
_bJajasan Pembaruan,
_c1957.
300 _a28 p.
_c14 cm.
650 0 _aCommunist revisionism
999 _c63959
_d63959